| 000 | 01527nam a2200277Ia 4500 | ||
|---|---|---|---|
| 001 | 23290 | ||
| 003 | GE_BSU | ||
| 008 | 181216s||||||||xx |||||||||||||| ||und|| | ||
| 020 | _a9789941261664 | ||
| 040 | _cGE_BSU | ||
| 080 | _a338.483.11 | ||
| 100 | _aუკლება, მაია. | ||
| 245 | _aრეკრეაციის თეორია და პრაქტიკა = Recreation theory and practice | ||
| 245 | _cრედაქტორები: ნიკო კვარაცხელია, ნინო პავლიაშვილი. | ||
| 250 | _aI გამოცემა. | ||
| 260 | _aთბილისი | ||
| 260 | _bუნივერსალი | ||
| 260 | _c2017 | ||
| 300 | _a222 გვ. ; 27 სმ. | ||
| 520 | _aპროექტი დაფინანსებულია ევროკომისიის მხარდაჭერით, მომზადდა პროექტის "კომპეტენციების ცენტრების ქსელის შავი ზღვის აუზის რეგიონის საკრუიზო ტურიზმის განვითარებისთვის" ფარგლებში | ||
| 541 | _h15 ლ. | ||
| 653 | _aეკონომიკა | ||
| 653 | _aრეკრეაციის თეორია და პრაქტიკა = Recreation theory and practice | ||
| 653 | _aრეკრეაციული ტურიზმი. | ||
| 942 | _cBK | ||
| 999 |
_c56189 _d56189 |
||